Statistics for NBA Basketball by Year, 2000-present

Click here to take the quiz!

General Stats

  • This quiz has been taken 3,098 times
  • The average score is 17 of 20

Answer Stats

Year Clue Answer % Correct
2010This player takes his talents to South BeachLeBron James
96%
2006This player scores 81 points in a single gameKobe Bryant
94%
2016This superstar starts his "next chapter" by signing with the WarriorsKevin Durant
94%
2013This point guard sets a record for most 3-pointers in a seasonStephen Curry
94%
2003This player retires for the 3rd and final timeMichael Jordan
93%
2002This team win its 3rd consecutive NBA championshipLos Angeles Lakers
92%
2018This player misses nearly an entire season with a mysterious injury and then
is traded to the Raptors
Kawhi Leonard
90%
2017This player averages a triple-double for an entire NBA seasonRussell Westbrook
90%
2015This first-year coach leads the Warriors to a championshipSteve Kerr
89%
2008This team moves to Oklahoma CitySeattle SuperSonics
89%
2007This player leaves the Timberwolves to join the CelticsKevin Garnett
86%
2005This Canadian wins the first of two MVP awardsSteve Nash
86%
2012Madison Square Garden goes "insane" over this playerJeremy Lin
83%
2014This coach wins his 5th NBA championshipGregg Popovich
82%
2004This scrappy team dominates the star-studded Lakers in the NBA finalsDetroit Pistons
82%
2009This finger-waving Congolese player retires after 18 seasonsDikembe Mutombo
81%
2011This injury-plagued star becomes the youngest player to win an MVP awardDerrick Rose
81%
2019The NBA and several of its players rush to apologize to China after
Rockets GM Daryl Morey tweets "Fight for Freedom. Stand with ____ ____"
Hong Kong
78%
2000This player wins the dunk contest in one of the greatest performances everVince Carter
76%
2001This hot-headed player sets a single-season record with 41 technical foulsRasheed Wallace
59%

Score Distribution

Percentile by Number Answered

Percent of People with Each Score

Your Score History

You have not taken this quiz